000 00580nam a2200181 i 4500
001 45224
003 ES-MaACL
005 20230906161201.0
007 t|
008 030325s1862 fr ||||1| fre d
245 0 0 _aCode de commerce allemand et réglement géneral sur le contrat de change.. /
_ctraduits par Victor Fouchet et M. Tolhausen.
260 _aParis :
_bF. Didot,
_c1862.
300 _a625 p. ;
_c21 cm.
650 _aDerecho mercantil-
_zAlemania.
_9154581
700 1 _aFoucher, Victor.
_951926
700 1 _aTolhausen, Louis.
_9154582
852 _aES-MaACL
_jC-3452
999 _c45224
_d45224